MDQL
is popping MORE tags! Check the
thread
!
Quizzes
Events
Quiz Creation
Community
Videos
Private Events
Remove Ads
Sign In
Join for FREE
Feedback
Dark Mode
Quiz Categories
Sports
Geography
Music
Movies
Television
Just For Fun
Miscellaneous
History
Literature
Language
Science
Gaming
Entertainment
Religion
Holiday
For Kids
Quiz Lab
Recent
Popular Today
Quiz Kudos Today
Editor Picks
Curator Picks
Quizzes by...
Day
Popularity
Type
Ratings
Length
Year
Community
Subscriptions
Recent Discussions
Orange Saloon
Badges
Playlists
Quests
Create
Leaderboards
Showdown
Live 5
Trivia Bingo
Activity
Puzzle Library
Sporcle Events
Private Events
Virtual Trivia
Globe League
Become a Host
Pub Owners
SporcleCon
Opinionation
Our Games
Videos
Blog
Mobile Apps
Partnerships
Remove Ads and Go Orange
Feedback
Sports
Athletes
MLB
NBA
NHL
NFL
Soccer
Sports Teams
WWE
NCAA
Football
Premier League
Basketball
Baseball
Hockey
Golf
Tennis
Cricket
Rugby
Auto Racing
Olympics
World Cup
Sports
Athletes
MLB
NBA
NHL
NFL
Soccer
Sports Teams
WWE
NCAA
Football
Premier League
Basketball
Baseball
Hockey
Golf
Tennis
Cricket
Rugby
Auto Racing
Olympics
World Cup
Random Quiz
Search Sporcle
×
Quiz Lab
Quiz Lab
Sports
Driver
Type in answers that appear in a list
Type in answers that appear in a list
Classic
Best Score? Go Orange.
F1 Drivers 2000-2009 Stats
Can you name the all the F1 drivers to have competed in a Grand Prix from 2000 to 2009?
By
21CambDan
10m
71 Questions
353 Plays
353 Plays
353 Plays
Comments
Comments
Give Quiz Kudos
Give Quiz Kudos
-
- Ratings
hide this ad
Replay
Link that replays current quiz
Next Quiz
Link to next quiz in quiz playlist
You Got
0%
They Got
Avg Score
69%
Avg Friend Score
Upgrade to see
Score Distribution
Jump to the score distribution portion of the page
Score
0/71
Timer
10:00
0
Plays Today
Year of Debut
Driver
% Correct
1991
Michael Schumacher
98.3%
1997
Ralf Schumacher
97.7%
2001
Fernando Alonso
96.3%
1993
Rubens Barrichello
95.5%
2000
Jenson Button
94.6%
2007
Lewis Hamilton
93.2%
2002
Mark Webber
91.2%
1994
David Coulthard
90.7%
2002
Felipe Massa
90.4%
1997
Jarno Trulli
90.1%
2006
Sebastian Vettel
89.5%
1996
Giancarlo Fisichella
89%
1991
Mika Häkkinen
86.1%
2002
Takuma Sato
85%
2001
Juan-Pablo Montoya
84.7%
2001
Kimi Räikkönen
84.7%
2000
Nick Heidfeld
82.2%
1993
Eddie Irvine
82.2%
2007
Heikki Kovalainen
82.2%
2006
Nico Rosberg
81%
2006
Robert Kubica
80.7%
1996
Jaques Villeneuve
80.7%
1999
Pedro De la Rosa
79.3%
1989
Jean Alesi
79%
1994
Heinz-Harald Frentzen
77.9%
2009
Sebastien Buemi
76.5%
2004
Timo Glock
75.6%
2007
Adrian Sutil
75.1%
1994
Mika Salo
72%
2005
Vitantonio Liuzzi
70.8%
2008
Sebastien Bourdais
70.3%
1989
Johnny Herbert
70.3%
1994
Olivier Panis
70%
2009
Jaime Alguersuari
69.7%
2008
Nelson Piquet Jr.
69.4%
2007
Kazuki Nakajima
69.1%
Year of Debut
Driver
% Correct
1997
Alexander Wurz
69.1%
2009
Kamui Kobayashi
69.1%
2004
Christian Klien
67.7%
1994
Jos Verstappen
65.4%
2005
Christijan Albers
63.5%
2005
Tiago Monteiro
62.6%
1993
Luca Badoer
62.6%
1999
Ricardo Zonta
62%
2005
Narain Karthikeyan
61.2%
2005
Scott Speed
61.2%
2006
Sakon Yamamoto
61.2%
2009
Romain Grosjean
60.9%
2002
Anthony Davidson
60.3%
2006
Yuji Ide
59.8%
1999
Marc Gene
58.6%
2003
Zsolt Baumgartner
57.2%
1995
Pedro Diniz
56.7%
2001
Alex Yoong
55%
2003
Justin Wilson
54.1%
2003
Cristiano Da Matta
53.3%
2005
Robert Doornbos
52.4%
2000
Luciano Burti
51.8%
2007
Marcus Winkelhock
51.8%
2002
Allan McNish
51%
2003
Ralph Firman
50.4%
2000
Gaston Mazzacane
50.4%
2003
Antonio Pizzonia
49.9%
2005
Patrick Friesacher
49.3%
2001
Thomas Enge
48.7%
2001
Enrique Bernoldi
47.9%
2004
Gianmaria Bruni
47%
2006
Franck Montagny
45.3%
2004
Giorgio Pantano
45.3%
2001
Tarso Marques
44.8%
2003
Nicolas Kiesa
40.5%
Quiz Playlist
Details
Report
Send in Message
Add To Playlist
Classic:
Type in answers that appear in a list
Last Updated: Feb 16, 2017
Quiz Scoreboard
CHALLENGE
Sign Up to Join the Scoreboard
Show All
Scores
Hide
Comments
May contain spoilers
Recently Published
Holiday 10x10 Sorting Gallery
by lukepisani3
Holiday
15m
Two Season TV Shows II
by 123Four
Television
10m
Image Sorting: Flags VI
by Barbecue
Geography
2m
More to Explore
Quiz From the Vault
Featured Blog Post
14 Easter Pick-up Lines to Find Eggs With
hide this ad
You Might Also Like...
Tags
2000
2000s
2009
Competed
debut
Driver
grand
Grand Prix
Prix
Today's Top Quizzes in Sports
Browse Sports
hide this ad
Today's Top Quizzes in Driver
Browse Driver
Top Contributed Quizzes in Sports
1
Les meilleurs buteurs des matchs entre le PSG et l’OM
2
Les entraîneurs de l'OM et du PSG au 21e siècle
3
2022 World Cup Stars
4
Les joueurs passés par le PSG et l'OM
5
Players with Multiple 50 Home Run Seasons
6
FIFA Club World Cup Champions
7
Top 10 NHL Goal Scorers of All Time
8
Les joueurs passés par le LOSC et le RC Lens
9
Criteria MLB: Left Handed Sluggers
10
2023 MLB Unique Player Accomplishments
Explore More
Trending Topics
NBA
Marvel
Disney
Crossword
Harry Potter
Anime
Kpop
NFL
Puzzle
Pokémon
Song
The Office
Soccer
WWE
Country
hide this ad
More By:
21CambDan
Quiz
Plays
Rating
Category
Featured
Created
Double-Letter Countries
368
4.20
Geography
Nov 29, 2009
F1 Drivers 2000-2009
353
3.00
Sports
Apr 10, 2010
Go to Creator's Profile
Score Distribution
Quiz Creator Spotlight
21CambDan
Follow
Send a Message
Quizzes Created
-
Created Quiz Play Count
-
More By This Creator
Popular Quizzes Today
1
Find the US States - No Outlines Minefield
2
Colored Red Africa Blitz
3
Find the 'City' Movie
4
The Countries of the World
5
5x2 Blitz: Bands
6
Find the US States
7
Find the Countries of Europe - No Outlines Minefield
8
US States
More Sports Quizzes
All-Time Scottish Premier League Teams
Quiz Lab
Trending Quizzes
Colored Red Europe Blitz I
Colored Red Europe Blitz II
Colored Red Africa Blitz II
Colored Red Europe Blitz III
Colored Red Africa Blitz III
Recently Updated
Odd Team Out - Big 4 Players
pecheneg
Quick Pick: 20 Twenties
pecheneg
March Madness Men's Triple Doubles
pecheneg
How Do You Spell That?
pecheneg
Godzilla Movies
pecheneg
Grab Bag: 4-10 Letters
pecheneg
2024 March Madness Bracket
pecheneg
Famous TV Couples
Peacemaker
Champions League XIs: Real Madrid
pecheneg
Largest US Cities 1790-2010
pecheneg
Trending Topics
Marvel
NBA
Crossword
Disney
Harry Potter
Anime
Kpop
Puzzle
Soccer
The Office
WWE
Song
Pokémon
Country
NFL
Your Account Isn't Verified!
In order to create a playlist on Sporcle, you need to verify the email address you used during registration. Go to your
Sporcle Settings
to finish the process.
Report this User
Report this user for behavior that violates our
Community Guidelines
.
Details:
Send Report
Go to the Sporcle.com Mobile Site →
Comments